Statistics for World Jamboree Locations

Click here to take the quiz!

General Stats

  • This quiz has been taken 5 times
  • The average score is 24 of 27

Answer Stats

YearAnswer% Correct
1929Arrowe Park, United Kingdom
100%
2007Chelmsford, Essex, United Kingdom
100%
1967Farragut State Park, Idaho, United States
100%
1971Fujinomiya, Shizuoka, Japan
100%
1983Kananaskis, Alberta, Canada
100%
2015Kirahama, Yamaguchi, Japan
100%
1920London, United Kingdom
100%
1947Moisson, France
100%
1955Niagara on the Lake, Ontario, Canada
100%
1998-99Picarquín, Chile
100%
2023Saemangeum, South Korea
100%
1991Seoraksan National Park, South Korea
100%
2019Summit Bechtel Reserve, West Virginia, United States
100%
1957Sutton Park, United Kingdom
100%
1987-88Sydney, Australia
100%
1951Bad Ischl, Austria
80%
1937Bloemendaal, Netherlands
80%
1995Dronten, Netherlands
80%
1924Ermelunden, Denmark
80%
2027Gdańsk, Poland (Candidate)
80%
1933Gödöllő, Hungary
80%
1975Lillehammer, Norway
80%
1963Marathon, Greece
80%
1979Nishapur, Iran (Cancelled)
80%
2011Rinkaby, Sweden
80%
2002-03Sattahip, Thailand
80%
1959Los Baños, Laguna, Philippines
60%

Score Distribution

Percentile by Number Answered

Percent of People with Each Score

Your Score History

You have not taken this quiz